| 000 | 00831cam a2200277 a 4500 | ||
|---|---|---|---|
| 001 | 16384772 | ||
| 005 | 20171220041806.0 | ||
| 008 | 100810s2009 njua 001 0 eng | ||
| 010 | _a 2010285936 | ||
| 015 |
_aGBA8A0581 _2bnb |
||
| 016 | 7 |
_a014696973 _2Uk |
|
| 020 | _a9780470239803 (hbk.) | ||
| 020 | _a0470239808 (hbk.) | ||
| 035 | _a(OCoLC)ocn209788233 | ||
| 040 |
_aUKM _cUKM _dBTCTA _dBAKER _dYDXCP _dBWX _dOSU _dDLC |
||
| 041 | _aeng | ||
| 042 | _alccopycat | ||
| 080 | _a657.48 KIM | ||
| 082 | 0 | 4 |
_a657.48 KIM _222 |
| 100 | 1 | _a61 | |
| 101 | _aKON | ||
| 245 | 1 | 0 |
_aFinancial accounting : _cPaul D. Kimmel, Jerry J. Weygandt, Donald E. Kieso. |
| 906 |
_a7 _bcbc _ccopycat _d3 _encip _f20 _gy-gencatlg |
||
| 942 |
_2ddc _cBK |
||
| 999 |
_c39199 _d39199 |
||